Blizzards / (Record no. 4909)

MARC details
000 -LEADER
fixed length control field 00750nam a22002417a 4500
001 - CONTROL NUMBER
control field 4909
003 - CONTROL NUMBER IDENTIFIER
control field FISKH
005 - DATE AND TIME OF LATEST TRANSACTION
control field 20241119095303.0
008 - FIXED-LENGTH DATA ELEMENTS--GENERAL INFORMATION
fixed length control field 241024b cb ||||| |||| 00| 0 eng d
020 ## - INTERNATIONAL STANDARD BOOK NUMBER
International Standard Book Number 9780545137218
040 ## - CATALOGING SOURCE
Original cataloging agency FISKH
Language of cataloging eng
Transcribing agency FISKH
Modifying agency FISKH
082 ## - DEWEY DECIMAL CLASSIFICATION NUMBER
Classification number 551.55
100 ## - MAIN ENTRY--PERSONAL NAME
Personal name Martin, McCory Justin
Dates associated with a name (1964-)
245 ## - TITLE STATEMENT
Title Blizzards /
Statement of responsibility, etc. by Justin McCory Martin
250 ## - EDITION STATEMENT
Edition statement First printing in 2009.
260 ## - PUBLICATION, DISTRIBUTION, ETC.
Place of publication, distribution, etc. New York :
Name of publisher, distributor, etc. Scholastic,
Date of publication, distribution, etc. 2009.
300 ## - PHYSICAL DESCRIPTION
Extent 16 pages :
Other physical details Color illustrations ;
Dimensions 23 cm
520 ## - SUMMARY, ETC.
Summary, etc. Describes what a blizzard is and how humans, plants, and animals have adapted to living through them.
650 ## - SUBJECT ADDED ENTRY--TOPICAL TERM
Source of heading or term Non-fiction
Topical term or geographic name entry element Weather
650 ## - SUBJECT ADDED ENTRY--TOPICAL TERM
Source of heading or term Science
Topical term or geographic name entry element Sight words
942 ## - ADDED ENTRY ELEMENTS (KOHA)
Source of classification or shelving scheme Dewey Decimal Classification
Koha item type Books
Suppress in OPAC No
Holdings
Withdrawn status Lost status Source of classification or shelving scheme Damaged status Not for loan Collection Home library Current library Shelving location Date acquired Total Checkouts Full call number Barcode Date last seen Copy number Price effective from Koha item type
    Dewey Decimal Classification     Non-Fiction Footprints International School Library Network Toul Kork Campus Footprints International School Library Network Toul Kork Campus A TK Campus, 4th Floor, Room B401, Non-Fiction Bookcases(7-8) 10/24/2024   MAR 551.55 2024-2210 10/24/2024 1 10/24/2024 Books
    Dewey Decimal Classification     Non-Fiction Footprints International School Library Network Toul Kork Campus Footprints International School Library Network Toul Kork Campus A TK Campus, 4th Floor, Room B401, Non-Fiction Bookcases(7-8) 11/19/2024   MAR 551.55 2024-2329 11/19/2024 2 11/19/2024 Books